000
00339nam a2200145Ia 4500
008
150201s2010 xx 000 0 und d
082
_a
571.1
_b
I10S
100
_a
SAIGAL , SEEMA
245
_a
INTRODUCTORY BIOLOGY
250
_a
1ST
260
_b
VIKAS PUBLICATION
_a
NOIDA
_c
2010
300
_a
1-202
650
_a
BIOLOGY
942
_2
ddc
_c
BK
999
_c
1375
_d
1375